000 00524nam a2200193 a 4500
001 20178
003 CO-ViMGA
008 141112s2004 ck r 000 u spa d
020 _a8424606949
040 _aCO-ViMGA
_bspa
_cCO-ViMGA
082 0 4 _aBLAad
100 1 _aBlanch, Xavier
_93202
245 1 0 _aAdivinanzas :
_bAnimales pequeños
260 _aBarcelona :
_bLa Galera,
_c2000
500 _aA partir de 5 años.
590 _aForma de adquisición : Premio Mincultura
650 1 4 _aADIVINANZAS
_9960
942 _2ddc
_cBK
999 _c9797
_d9797